Zber údajov a predikcia vybraných časových radov valutových kurzov diplomová práca

Salvato in:
Dettagli Bibliografici
Autore principale: Voloshchuk, Elmira
Ente Autore: Fakulta hospodárskej informatiky EU. Katedra aplikovanej informatiky
Altri autori: Kultan, Jaroslav, 1960-
Natura: Libro
Lingua:slovacco
Pubblicazione: Bratislava 2025
Tags: Aggiungi Tag
Nessun Tag, puoi essere il primo ad aggiungerne!!

MARC

LEADER 00000nbm a2200000 4500
001 0310541
005 20251121130126.7
041 0 |a slo 
044 |a SK 
245 1 0 |a Zber údajov a predikcia vybraných časových radov valutových kurzov  |b diplomová práca  |c Elmira Voloshchuk ; školiteľ: Jaroslav Kultan 
264 1 |a Bratislava  |c 2025 
300 |a 105 s. 
100 1 |a Voloshchuk, Elmira 
700 1 |a Kultan, Jaroslav, 1960- 
710 2 |a Fakulta hospodárskej informatiky EU. Katedra aplikovanej informatiky